LEADER 01090nam a2200265 i 4500 001 991003729619707536 008 191213s2017 de h b 000 0 ger d 020 $a9783518426029 035 $ab14378097-39ule_inst 040 $aDip. di Studi Umanistici$bita 082 0 $a838.914 100 1 $aBachmann, Ingeborg$0131239 245 10$a"Male oscuro" :$bAufzeichnungen aus der Zeit der Krankheit : Traumnotate, Briefe, Brief- und Redeentwürfe /$cIngeborg Bachmann ; herausgegeben von Isolde Schiffermüller und Gabriella Pelloni 264 1$aMünchen :$bPiper,$c2017 264 1$aBerlin :$bSuhrkamp,$c2017 300 $a257 p. :$bfacsimile ;$c21 cm 504 $aBibliografia: p. 225-232 700 1 $aSchiffermüller, Isolde 700 1 $aPelloni, Gabriella 907 $a.b14378097$b17-12-19$c13-12-19 912 $a991003729619707536 945 $aLE012 838.914 BAC 8$g1$i2007000298466$lle012$nLE.SU 2019 Lingue$op$pE34.00$q-$rl$s- $t0$u0$v0$w0$x0$y.i15910465$z17-12-19 996 $a"Male oscuro"$91751705 997 $aUNISALENTO 998 $ale012$b13-12-19$cm$da $e-$fger$gde $h0$i0 LEADER 02575nas 2200709-a 450 001 996211934303316 005 20231101153857.0 011 $a1099-1689 035 $a(OCoLC)44089791 035 $a(CKB)954933184412 035 $a(CONSER)--2001212279 035 $a(DE-599)ZDB2017691-0 035 $a(EXLCZ)99954933184412 100 $a20000520a19929999 s-- a 101 0 $aeng 135 $aurmn||||||||| 181 $ctxt$2rdacontent 182 $cc$2rdamedia 183 $acr$2rdacarrier 200 00$aSoftware testing, verification & reliability 210 $a[Chichester, Sussex, England] $cJohn Wiley & Sons 215 $a1 online resource 300 $aRefereed/Peer-reviewed 311 $aPrint version: Software testing, verification & reliability (DLC) 93640245 (OCoLC)27326681 0960-0833 517 1 $aSoftware testing, verification and reliability 517 1 $aSTVR 517 3 $aSoftware 531 $aSOFTWARE TESTING VERIFICATION AND RELIABILITY 531 $aSOFTWARE TEST VERIF RELIAB 531 $aSOFTWARE TESTING VERIFICATION AND RELIABLITITY 531 $aSOFTW TEST VERIF BEH 531 $aSOFTWARE TESTING 531 $aSOFTWARE TESTING, VERIFICATION AND RELIABILITY 531 $aSOFTW TEST VERIF REL 531 $aSOFTW. TEST. VERIF. RELIAB 531 0 $aSoftw. test. verif. reliab. 606 $aComputer software$xTesting$vPeriodicals 606 $aComputer software$xVerification$vPeriodicals 606 $aComputer software$xReliability$vPeriodicals 606 $aLogiciels$xEssais$vPériodiques 606 $aLogiciels$xVérification$vPériodiques 606 $aLogiciels$xFiabilité$vPériodiques 606 $aComputer software$xReliability$2fast$3(OCoLC)fst00872585 606 $aComputer software$xTesting$2fast$3(OCoLC)fst00872601 606 $aComputer software$xVerification$2fast$3(OCoLC)fst00872604 608 $aPeriodicals.$2fast 608 $aPeriodicals.$2lcgft 610 $aComputing, mathematics and information systems 615 0$aComputer software$xTesting 615 0$aComputer software$xVerification 615 0$aComputer software$xReliability 615 6$aLogiciels$xEssais 615 6$aLogiciels$xVérification 615 6$aLogiciels$xFiabilité 615 7$aComputer software$xReliability. 615 7$aComputer software$xTesting. 615 7$aComputer software$xVerification. 676 $a005 906 $aJOURNAL 912 $a996211934303316 996 $aSoftware testing, verification & reliability$9786534 997 $aUNISA LEADER 02548nam0 22004693i 450 001 VAN00193289 005 20240806101137.195 017 70$2N$a9789402410716 100 $a20210729d2017 |0itac50 ba 101 $aeng 102 $aNL 105 $a|||| ||||| 200 1 $aImplications of Climate Change and Disasters on Military Activities$eBuilding Resiliency and Mitigating Vulnerability in the Balkan Region$fOrlin Nikolov, Swathi Veeravalli editors 210 $aDordrecht$cSpringer$cNATO Emerging Security Challenges Division$d2017 215 $axxvii, 158 p.$cill.$d24 cm 410 1$1001VAN00133335$12001 $aNATO Science for Peace and Security Series. C: Environmental Security$1210 $aDordrecht$cSpringer$cNATO Emerging Security Challenges Division$d2007- 500 1$3VAN00193290$aImplications of Climate Change and Disasters on Military Activities$91835282 606 $a00A79 (77-XX)$xPhysics [MSC 2020]$3VANC023182$2MF 606 $a00Bxx$xConference proceedings and collections of articles [MSC 2020]$3VANC021742$2MF 606 $a86A08$xClimate science and climate modeling [MSC 2020]$3VANC036694$2MF 606 $a91-XX$xGame theory, economics, finance, and other social and behavioral sciences [MSC 2020]$3VANC025601$2MF 606 $a91B76$xEnvironmental economics (natural resource models, harvesting, pollution, etc.) [MSC 2020]$3VANC030910$2MF 610 $aChallenges for security and stability$9KW:K 610 $aCrisis management$9KW:K 610 $aDisaster management$9KW:K 610 $aEmergency management$9KW:K 610 $aGlobal security environment$9KW:K 610 $aHuman security$9KW:K 610 $aRisk management$9KW:K 620 $aNL$dDordrecht$3VANL000068 702 1$aNikolov$bOrlin$3VANV171039 702 1$aVeeravalli$bSwathi$3VANV171040 712 $aNATO Emerging Security Challenges Division $3VANV115222$4650 712 $aSpringer $3VANV108073$4650 801 $aIT$bSOL$c20241115$gRICA 856 4 $uhttp://doi.org/10.1007/978-94-024-1071-6$zE-book ? Accesso al full-text attraverso riconoscimento IP di Ateneo, proxy e/o Shibboleth 899 $aBIBLIOTECA DEL DIPARTIMENTO DI MATEMATICA E FISICA$1IT-CE0120$2VAN08 912 $fN 912 $aVAN00193289 950 $aBIBLIOTECA DEL DIPARTIMENTO DI MATEMATICA E FISICA$d08DLOAD e-book 3377 $e08eMF3377 20210729 996 $aImplications of Climate Change and Disasters on Military Activities$91835282 997 $aUNICAMPANIA